000 00804nam a2200289Ia 4500
005 20260324114019.0
008 008 260324s9999 xx 000 0 eng d
020 _a9781003444831
037 _aEBOOK
040 _aCRL
040 _beng
040 _cCRL
041 _2eng
041 _aeng
084 _qCRL
100 _aThomas J. Van Cleave; Joyce P. Kaufman; Stephanie T. Stokamer; Christine M. Cress; Christopher Nayve
_91149079
245 0 _aFaculty Service-Learning Guidebook
245 0 _bEnacting Equity-Centered Teaching, Partnerships, and Scholarship
260 _bTaylor and Francis
260 _c2023
365 _a
365 _b230
856 _uhttp://www.taylorfrancis.com/books/9781003444831
942 _cEBOOK
999 _c1739035
_d1739035